00397nam a22001097a 4500999001500000100002700015245008000042260005500122300001100177942000800188952009100196 c4557d4557 aPerera, Harini Rumalka aProduction and Characteristics of slow pyrolyzed king coconut husk biochar/ aRajagiriya:bInstitute of chemistry ceylon,c2017. ax,16p; cDES 0010708NFICaICbICcREFd2018-05-09l0pD0286r2018-05-09 00:00:00w2018-05-09yDIS